Départements Limitrophes Du Tarn-et-Garonne - Statistiques

Statistiques générales
  • Ce quiz a été pris 83 fois
  • Le résultat moyen est 6 sur 6
Statistiques - réponses
Départements % Correct
Lot
97%
Lot-et-Garonne
97%
Tarn
97%
Haute-Garonne
96%
Gers
95%
Aveyron
87%
Aucun quiz correspondant
Distribution des résultats
% des personnes avec chaque résultat
Percentile par nombre de réponses
Votre historique - résultats
Vous n’avez pas pris ce quiz